000 00767nam a2200205 a 4500
003 0
005 20250626123336.0
008 101013s19uu xx 00 eng d
050 _aPHS SH 171
_b.B31 2010
100 _aBatungbacal, Nathan S.
245 _aThe effect of detergent on the protein composition of Corydoras aeneus /
_cNathan S. Batungbacal.
260 _aLas PiƱas City, Philippines :
_bSouthville International School and Colleges,
_c2010.
300 _a28 pages :
_billustrations ;
_c29 cm.
504 _aIncludes bibliographical references.
650 _aFish
_xEffect of water pollution on.
650 _aDetergents
_xEnvironmental aspects.
650 _aCorydoras aeneus
_xPhysiology.
650 _aWater pollution
_xToxicology.
942 _2lcc
_cPASS
999 _c98448
_d98448